| 000 | 00458cam a22001697 4500 | ||
|---|---|---|---|
| 001 | ltf90038239 | ||
| 003 | DLC | ||
| 005 | 20260227111551.0 | ||
| 008 | 910102s1894 sw 000 0 swe | ||
| 010 | _altf90038239 | ||
| 040 |
_aDLC _cDLC _dDLC |
||
| 050 | 0 | 0 | _a4DL Swed 298 |
| 100 | 1 |
_aKuylenstierna, Oswald Fredrik, _d1865-1932. |
|
| 245 | 1 | 0 | _aGustaf II Adolf och hans svenska folk. |
| 260 |
_aGöteborg, _bWettergren & Kerber _c[1894] |
||
| 300 | _a97 p. | ||
| 999 |
_c37426 _d37426 |
||